00781nam a2200169Ia 4500001001000000003000500010008004100015010001100056040000900067100002800076245019400104260003500298300001000333502010900343650011000452710004900562Para_3175CHAP220125s1987 xx 000 0 und d a201648 cCHAP aGalván Lamas, Roberto aEfecto de Globodera rostochiensis (Woll 1923). Mulvey y Stone 1976. (Nemátoda :b Heterodenidae) sobre seis variedades de papa Solanum tuberosum en invernadero /c Roberto Galván Lamas aChapingo, Méx. :b El autor a61 h. aTesis (Ing. Agr. Esp. en Parasitología Agrícola) -- UACh. Departamento de Parasitología Agrícola aPapa x Enfermedades por nemátodos Globodera rostochiensis Papa x Variedades Cultivos en invernadero aUACh. Departamento de Parasitologia Agricola